| 000 | 01311cam a22003014a 4500 | ||
|---|---|---|---|
| 001 | 2156173 | ||
| 005 | 20030122104150.0 | ||
| 008 | 990105s2000 enka b 001 0 eng | ||
| 010 | _a 99011969 | ||
| 020 | _a0521631203 | ||
| 040 |
_aDLC _cDLC _dDLC |
||
| 042 | _apcc | ||
| 050 | 0 | 0 |
_aTJ808 _b.C37 2000 |
| 082 | 0 | 0 |
_a333.794 _221 _bCAS |
| 100 | 1 | _aCassedy, Edward S. | |
| 245 | 1 | 0 |
_aProspects for sustainable energy : _ba critical assessment / _cEdward S. Cassedy. |
| 260 |
_aCambridge ; _aNew York : _bCambridge University Press, _cc.2000. |
||
| 300 |
_aix, 284 p. : _bill. ; _c25 cm. |
||
| 504 | _aIncludes bibliographical references and index. | ||
| 650 | 0 | _aRenewable energy sources. | |
| 650 | 0 | _aEnergy policy. | |
| 856 | 4 | 1 |
_3Sample text _uhttp://www.loc.gov/catdir/samples/cam032/99011969.html |
| 856 | 4 | 2 |
_3Publisher description _uhttp://www.loc.gov/catdir/description/cam029/99011969.html |
| 856 | 4 |
_3Table of Contents _uhttp://lcweb.loc.gov/catdir/toc/99011969.html |
|
| 942 |
_2ddc _cBB |
||
| 999 |
_c11033 _d11033 |
||